000 00860nam a2200229 a 4500
003 0
005 20250213085039.0
008 120723s19uu xx 00 eng d
050 _aPGS TX 553.E6
_b.Y83 2012
100 _aYoussaf, Choudry Zeshan A.
245 _aDetermination of sugar content of different energy drinks /
_cChoudry Zeshan A. Youssaf.
260 _aLas Piñas City, Philippines :
_bSouthville International School and Colleges,
_c2012.
300 _a20 pages :
_billustrations ;
_c28 cm.
504 _aIncludes bibliographical references.
650 _aEnergy drinks
_vSugar content
650 _aSugars
_vAnalysis.
650 _aBeverages
_vAnalysis.
650 _aCarbohydrates
_vQuantitative analysis.
650 _aBenedict’s test
_vApplication in food analysis.
650 _aChemical tests for sugar content.
942 _2lcc
_cPASS
999 _c98770
_d98770